| 000 | 01047nam a22003377a 4500 | ||
|---|---|---|---|
| 001 | 0054044 | ||
| 003 | KOHA_MİRAKIL | ||
| 005 | 20260207003934.0 | ||
| 007 | ta | ||
| 008 | 151112b2015 tu |||gr||||#||||0|tur | | ||
| 020 | _a9786053553908 | ||
| 040 |
_aTR-BiSEU _btur _cTR-BiSEU _erda |
||
| 041 | 0 | _atur | |
| 044 | _ctu | ||
| 050 |
_aTK5101 _b.H39 2015 |
||
| 100 | 1 | _aHaykin, Simon. | |
| 245 | 1 |
_aİletişim sistemleri/ _cSimon Haykin ; Simon Haykin, Michael Moher; Çeviri editörü Murat Demir. |
|
| 264 | 1 |
_aAnkara : _bPalme Yayıncılık _c2015 |
|
| 300 | _a422 sayfa: resimli; 27 cm. | ||
| 336 |
_ametin _btxt _2rdacontent |
||
| 337 |
_aaracısız _bn _2rdamedia |
||
| 338 |
_acilt _bnc _2rdacarrier |
||
| 490 | 1 |
_aPalme Yayınlaırı ; _v984. |
|
| 500 | _a5. Baskıdan çeviri | ||
| 650 | 0 |
_aTelekomünikasyon sistemleri. _93420 |
|
| 650 | 0 |
_aTelecommunication systems. _916045 |
|
| 650 | 0 |
_aSistem teorisi. _948433 |
|
| 650 | 0 |
_aSystem theory. _948434 |
|
| 830 | 1 |
_aPalme Yayınlaırı ; _v984. _9100577 |
|
| 942 |
_2lcc _cBK |
||
| 999 |
_c53853 _d53853 |
||